Riadenie a zabezpečovanie inovačných procesov v strojárstve 2. celoštátna konferencia

Salvato in:
Dettagli Bibliografici
Natura: Libro
Lingua:slovacco
Pubblicazione: Bratislava Dom techniky ČSVTS 1984
Edizione:1. vyd.
Tags: Aggiungi Tag
Nessun Tag, puoi essere il primo ad aggiungerne!!

MARC

LEADER 00000nam a2200000 4500
001 c113686
005 20221220090845.1
041 0 |a slo 
044 |a SK 
245 1 0 |a Riadenie a zabezpečovanie inovačných procesov v strojárstve  |b 2. celoštátna konferencia 
250 |a 1. vyd. 
264 1 |a Bratislava  |b Dom techniky ČSVTS  |c 1984 
300 |a 213 s.